[Event "Skakligaen 2022-23"]
[Site "Denmark"]
[Date "2023.01.14"]
[Round "5.1"]
[White "Ochsner, Bjorn Moller"]
[Black "Nielsen, Viktor Haarmark"]
[Result "1-0"]
[WhiteElo "2504"]
[BlackElo "2384"]
[PlyCount "77"]
[EventDate "2022.10.29"]
[EventType "team-tourn"]
[EventRounds "9"]
[EventCountry "DEN"]
[SourceTitle "Holdskaksystemet"]
[WhiteTeam "AarhusSkolerne"]
[BlackTeam "Obro"]

1. e4 e5 2. Nf3 Nc6 3. Bb5 a6 4. Ba4 Nf6 5. O-O Be7 6. Re1 b5 7. Bb3 d6 8. c3
O-O 9. d4 Bg4 10. Be3 exd4 11. cxd4 Na5 12. Bc2 c5 13. h3 cxd4 14. Bxd4 Bh5 15.
a3 Rc8 16. Nc3 Nc6 17. g4 Bg6 18. Rc1 Nxd4 19. Nxd4 Qb6 20. g5 Nh5 21. Nd5 Qa7
22. h4 Rfe8 23. Nf5 Bf8 24. Bb3 Rxc1 25. Qxc1 Qd7 26. Re3 Re5 27. Qd1 h6 28.
Qf3 hxg5 29. hxg5 Qc6 30. Rc3 Qe8 31. Re3 Qc6 32. Qd1 Qe8 33. Bc2 Qd8 34. Qg4
Bxf5 35. exf5 Rxd5 36. Bb3 Nf6 37. gxf6 Re5 38. Bxf7+ Kxf7 39. Qg6+ 1-0

[Event "Skakligaen 2022-23"]
[Site "Denmark"]
[Date "2023.01.14"]
[Round "5.2"]
[White "Nunez, Ruben Domingo"]
[Black "Vinther Schou, Uffe"]
[Result "1-0"]
[WhiteElo "2383"]
[BlackElo "2382"]
[PlyCount "55"]
[EventDate "2022.10.29"]
[EventType "team-tourn"]
[EventRounds "9"]
[EventCountry "DEN"]
[SourceTitle "Holdskaksystemet"]
[WhiteTeam "Obro"]
[BlackTeam "AarhusSkolerne"]

1. e4 c5 2. Nf3 e6 3. d4 cxd4 4. Nxd4 Nc6 5. Nc3 Qc7 6. Be3 Nf6 7. f4 Bb4 8.
Ndb5 Qa5 9. e5 Ne4 10. Qd3 Nxc3 11. bxc3 Be7 12. Be2 O-O 13. O-O f6 14. Rad1
fxe5 15. fxe5 Rxf1+ 16. Rxf1 Nxe5 17. Qd4 Bf6 18. Rxf6 gxf6 19. Qd6 Kf7 20. Bc5
Qd8 21. Nc7 b6 22. Nxe6 Qe8 23. Nc7 Qd8 24. Bh5+ Ng6 25. Qd5+ Kg7 26. Ne6+ dxe6
27. Qxd8 bxc5 28. Qc7+ 1-0

[Event "Skakligaen 2022-23"]
[Site "Denmark"]
[Date "2023.01.14"]
[Round "5.3"]
[White "Skytte, Rasmus"]
[Black "Hansen, Mads Smith"]
[Result "1/2-1/2"]
[WhiteElo "2354"]
[BlackElo "2375"]
[PlyCount "83"]
[EventDate "2022.10.29"]
[EventType "team-tourn"]
[EventRounds "9"]
[EventCountry "DEN"]
[SourceTitle "Holdskaksystemet"]
[WhiteTeam "AarhusSkolerne"]
[BlackTeam "Obro"]

1. e4 e6 2. d4 d5 3. Nd2 dxe4 4. Nxe4 Bd7 5. Nf3 Bc6 6. Bd3 Nd7 7. O-O Ngf6 8.
Ned2 Be7 9. Nc4 Bxf3 10. Qxf3 c6 11. c3 O-O 12. Re1 Re8 13. a4 a5 14. Bf4 Nf8
15. Rad1 Ng6 16. Bg3 Bf8 17. h4 Qd5 18. Qe3 Qh5 19. Be2 Qf5 20. Qc1 Nd5 21. Ne5
Nxe5 22. Bxe5 Be7 23. Bg3 Rad8 24. Bd3 Qf6 25. Qc2 g6 26. h5 Bd6 27. Bxd6 Rxd6
28. g3 Qg7 29. hxg6 hxg6 30. Re5 Qf6 31. Rde1 Kg7 32. Bf1 Qd8 33. Bg2 Nf6 34.
Qb3 Qc7 35. Bf3 Nd7 36. R5e2 Rh8 37. Kg2 Nf6 38. Rh1 Rxh1 39. Kxh1 Rd8 40. Kg2
Rh8 41. Re1 Re8 42. Re2 1/2-1/2

[Event "Skakligaen 2022-23"]
[Site "Denmark"]
[Date "2023.01.14"]
[Round "5.5"]
[White "Boe, Mads"]
[Black "Hansen, Soren Bech"]
[Result "1/2-1/2"]
[WhiteElo "2302"]
[BlackElo "2275"]
[PlyCount "77"]
[EventDate "2022.10.29"]
[EventType "team-tourn"]
[EventRounds "9"]
[EventCountry "DEN"]
[SourceTitle "Holdskaksystemet"]
[WhiteTeam "AarhusSkolerne"]
[BlackTeam "Obro"]

1. d4 e6 2. Nf3 Nf6 3. Bg5 Be7 4. e3 b6 5. Bd3 Bb7 6. Nbd2 c5 7. c3 d6 8. Qe2
Nbd7 9. h3 Nd5 10. Bxe7 Qxe7 11. Ba6 Bxa6 12. Qxa6 O-O 13. O-O Rfb8 14. a4 Nc7
15. Qd3 d5 16. e4 dxe4 17. Nxe4 Rd8 18. Rfd1 Rac8 19. Qe2 Nd5 20. dxc5 Nxc5 21.
Nxc5 Qxc5 22. Rd4 Nf6 23. Rad1 Rd5 24. Rxd5 Nxd5 25. Rd4 h6 26. Ne5 Qc7 27. Ng4
Ne7 28. Qd2 Qb8 29. Rd7 Nc6 30. b4 Rd8 31. b5 Rxd7 32. Qxd7 Na5 33. g3 Nb3 34.
Qd1 Nc5 35. Qd4 Qb7 36. a5 Qd7 37. axb6 axb6 38. Qxd7 Nxd7 39. Kf1 1/2-1/2

[Event "Skakligaen 2022-23"]
[Site "Denmark"]
[Date "2023.01.14"]
[Round "5.6"]
[White "Larsen, Karsten"]
[Black "Pedersen, Finn"]
[Result "0-1"]
[WhiteElo "2241"]
[BlackElo "2266"]
[PlyCount "92"]
[EventDate "2022.10.29"]
[EventType "team-tourn"]
[EventRounds "9"]
[EventCountry "DEN"]
[SourceTitle "Holdskaksystemet"]
[WhiteTeam "Obro"]
[BlackTeam "AarhusSkolerne"]

1. e4 c6 2. d4 d5 3. e5 Bf5 4. c4 e6 5. Nc3 Ne7 6. Nge2 h6 7. Ng3 Bg6 8. Bd3
Bxd3 9. Qxd3 Nd7 10. cxd5 cxd5 11. O-O Nc6 12. Be3 g6 13. f4 Nb6 14. Kh1 a6 15.
Rad1 Qd7 16. Bc1 O-O-O 17. Nge2 Kb8 18. Ng1 Rc8 19. Nf3 Be7 20. Qe2 Rc7 21. Be3
Na7 22. Rc1 Nc4 23. b3 Nxe3 24. Qxe3 Ba3 25. Rcd1 Rhc8 26. Nb1 Bf8 27. Rf2 Nb5
28. h4 Nc3 29. Nxc3 Rxc3 30. Qe2 Qc7 31. h5 gxh5 32. Kh2 Be7 33. Rd3 Rc6 34.
Ne1 h4 35. Qh5 f5 36. Qxh6 Rg8 37. Rdd2 Bb4 38. Rde2 Bxe1 39. Rxe1 Rg4 40. Ref1
Qb6 41. Rd1 Qb4 42. Rfd2 Ka7 43. Kh1 Rc1 44. Rd3 Rxd1+ 45. Rxd1 Qc3 46. Qf8 h3
0-1

[Event "Skakligaen 2022-23"]
[Site "Denmark"]
[Date "2023.01.14"]
[Round "5.7"]
[White "Sobjerg, Erik"]
[Black "Simonsen, Carsten"]
[Result "1-0"]
[WhiteElo "2252"]
[BlackElo "2234"]
[PlyCount "71"]
[EventDate "2022.10.29"]
[EventType "team-tourn"]
[EventRounds "9"]
[EventCountry "DEN"]
[SourceTitle "Holdskaksystemet"]
[WhiteTeam "AarhusSkolerne"]
[BlackTeam "Obro"]

1. e4 e5 2. f4 d5 3. exd5 exf4 4. Bc4 Qh4+ 5. Kf1 f3 6. d3 fxg2+ 7. Kxg2 Bg4 8.
Qf1 Bc5 9. h3 Nf6 10. Nf3 Bxf3+ 11. Qxf3 O-O 12. Bf4 Nbd7 13. Nc3 Rae8 14. Qg3
Qh5 15. Rae1 Nb6 16. Qg5 Nxc4 17. dxc4 Qxg5+ 18. Bxg5 Bd4 19. Nb5 Bxb2 20. Nxc7
Rc8 21. d6 Ba3 22. Nb5 Bc5 23. Bxf6 gxf6 24. d7 Rcd8 25. Rd1 Kh8 26. Rd5 Rg8+
27. Kf3 Rg5 28. Rhd1 Kg8 29. Rxg5+ fxg5 30. Rd5 Be7 31. Nxa7 f6 32. c5 Ra8 33.
c6 bxc6 34. Nxc6 Bd8 35. Nxd8 Rxd8 36. c4 1-0

[Event "Skakligaen 2022-23"]
[Site "Denmark"]
[Date "2023.01.14"]
[Round "5.8"]
[White "Skou, Niels"]
[Black "Rendboe, John Filip"]
[Result "0-1"]
[WhiteElo "2119"]
[BlackElo "2181"]
[PlyCount "84"]
[EventDate "2022.10.29"]
[EventType "team-tourn"]
[EventRounds "9"]
[EventCountry "DEN"]
[SourceTitle "Holdskaksystemet"]
[WhiteTeam "Obro"]
[BlackTeam "AarhusSkolerne"]

1. d4 d5 2. c4 e6 3. Nc3 Be7 4. Bf4 Nf6 5. e3 O-O 6. Nf3 b6 7. cxd5 exd5 8. Bd3
c5 9. dxc5 bxc5 10. O-O Bb7 11. Rc1 Nc6 12. Qa4 Qb6 13. Rfd1 Rfd8 14. h3 Nb4
15. Ne5 d4 16. Ne2 Nxd3 17. Rxd3 Nd5 18. exd4 Nxf4 19. Nxf4 Qf6 20. Ne2 cxd4
21. Ng4 Qa6 22. Qd1 Bf6 23. Ne5 Qe6 24. Ra3 h5 25. Nd3 Qe4 26. Ndf4 Bg5 27. f3
Qf5 28. Rc7 Bc8 29. Nd3 Be3+ 30. Kh1 a5 31. Rc5 Rd5 32. Rxd5 Qxd5 33. Qb3 Qxb3
34. Rxb3 Be6 35. Ra3 h4 36. Ra4 Bd7 37. Ra3 Bb5 38. Kh2 Rc8 39. Nef4 a4 40. b4
Rc3 41. Rxc3 dxc3 42. Nd5 Bd2 0-1

[Event "Skakligaen 2022-23"]
[Site "Denmark"]
[Date "2023.01.14"]
[Round "5.1"]
[White "Hector, Jonny"]
[Black "Petersen, Tom Petri"]
[Result "1-0"]
[WhiteElo "2454"]
[BlackElo "2300"]
[PlyCount "45"]
[EventDate "2022.10.29"]
[EventType "team-tourn"]
[EventRounds "9"]
[EventCountry "DEN"]
[SourceTitle "Holdskaksystemet"]
[WhiteTeam "Nordkalotten"]
[BlackTeam "Nordre"]

1. e4 g6 2. d4 Bg7 3. Nc3 a6 4. f4 d5 5. Nxd5 e6 6. Ne3 Qxd4 7. Bd3 Ne7 8. Nf3
Qd8 9. Qe2 Nd7 10. O-O Nc5 11. Rd1 Nxd3 12. Rxd3 Bd7 13. Bd2 Nc6 14. Rd1 Nb8
15. Ng4 Qe7 16. Bc3 Bxc3 17. bxc3 Qc5+ 18. Kh1 Bb5 19. c4 Bxc4 20. Rd8+ Ke7 21.
Qd2 Rf8 22. Qd7+ Nxd7 23. R1xd7# 1-0

[Event "Skakligaen 2022-23"]
[Site "Denmark"]
[Date "2023.01.14"]
[Round "5.2"]
[White "Sloth, Jorn"]
[Black "Jepson, Christian"]
[Result "1/2-1/2"]
[WhiteElo "2296"]
[BlackElo "2401"]
[PlyCount "41"]
[EventDate "2022.10.29"]
[EventType "team-tourn"]
[EventRounds "9"]
[EventCountry "DEN"]
[SourceTitle "Holdskaksystemet"]
[WhiteTeam "Nordre"]
[BlackTeam "Nordkalotten"]

1. c4 g6 2. Nf3 d6 3. Nc3 Nf6 4. g3 Bg7 5. Bg2 O-O 6. d4 c6 7. h3 Qa5 8. Bd2 e5
9. d5 Qa6 10. b3 cxd5 11. cxd5 Nbd7 12. O-O Nc5 13. Ne1 Bd7 14. Nc2 Rac8 15.
Ne3 Nh5 16. a4 Qb6 17. Nc4 Qxb3 18. Nxd6 Rb8 19. Rb1 Qxd1 20. Rfxd1 b6 21. Ndb5
1/2-1/2

[Event "Skakligaen 2022-23"]
[Site "Denmark"]
[Date "2023.01.14"]
[Round "5.3"]
[White "Brynell, Stellan"]
[Black "Christensen, Jan Schleicher"]
[Result "1-0"]
[WhiteElo "2383"]
[BlackElo "2167"]
[PlyCount "107"]
[EventDate "2022.10.29"]
[EventType "team-tourn"]
[EventRounds "9"]
[EventCountry "DEN"]
[SourceTitle "Holdskaksystemet"]
[WhiteTeam "Nordkalotten"]
[BlackTeam "Nordre"]

1. Nf3 Nf6 2. c4 c5 3. g3 b6 4. Bg2 Bb7 5. O-O e6 6. Nc3 a6 7. d4 cxd4 8. Qxd4
d6 9. Rd1 Nbd7 10. b3 Be7 11. Bb2 O-O 12. Rac1 Rc8 13. h3 Qc7 14. Qe3 Rfe8 15.
Nd4 Bf8 16. Bxb7 Qxb7 17. Qf3 Qb8 18. Rd2 Ne5 19. Qg2 Ng6 20. Rcd1 Qc7 21. Ne4
Nxe4 22. Qxe4 Qb8 23. a4 Ne7 24. Qd3 Qb7 25. e4 Ng6 26. Nc2 Ne5 27. Qe2 Nd7 28.
Ba3 Nc5 29. Bxc5 Rxc5 30. Qd3 b5 31. cxb5 axb5 32. Ne3 Rec8 33. Rc2 b4 34. Rc4
Rxc4 35. Nxc4 Rd8 36. Qf3 f5 37. Re1 fxe4 38. Rxe4 d5 39. Re2 Bc5 40. Ne5 Rf8
41. Qg4 Rf6 42. Nd3 Qb6 43. Kg2 Bf8 44. Nf4 Kf7 45. Qh5+ g6 46. Qxh7+ Bg7 47.
Nd3 Qb7 48. Ne5+ Kf8 49. Nxg6+ Kf7 50. Ne5+ Kf8 51. Qc2 Rf5 52. Qc6 Qxc6 53.
Nxc6 e5 54. a5 1-0

[Event "Skakligaen 2022-23"]
[Site "Denmark"]
[Date "2023.01.14"]
[Round "5.4"]
[White "Andersen, Thomas Klitgaard"]
[Black "Hove, Esben Kjems"]
[Result "1/2-1/2"]
[WhiteElo "2137"]
[BlackElo "2305"]
[PlyCount "84"]
[EventDate "2022.10.29"]
[EventType "team-tourn"]
[EventRounds "9"]
[EventCountry "DEN"]
[SourceTitle "Holdskaksystemet"]
[WhiteTeam "Nordre"]
[BlackTeam "Nordkalotten"]

1. Nf3 d5 2. e3 Nf6 3. c4 e6 4. Nc3 Be7 5. cxd5 exd5 6. d4 O-O 7. b3 Bg4 8. Be2
c6 9. O-O Nbd7 10. a4 a5 11. Ne5 Bxe2 12. Qxe2 Nxe5 13. dxe5 Nd7 14. f4 f6 15.
e6 Nc5 16. f5 Nxb3 17. Rb1 Nxc1 18. Rfxc1 Bb4 19. Na2 Qd6 20. e4 Bc5+ 21. Kh1
b6 22. Qd3 Rfd8 23. Nc3 Bb4 24. exd5 Qe5 25. Ne2 Rxd5 26. Qf3 Qxf5 27. Qxf5
Rxf5 28. Nd4 Rf4 29. Nxc6 Bc5 30. Re1 f5 31. Re5 Re4 32. g3 Rxe5 33. Nxe5 Re8
34. Nd7 Bb4 35. Nxb6 Rxe6 36. Nd5 Bd2 37. Rb7 g6 38. Nb6 Re4 39. Nd5 Rxa4 40.
Nf6+ Kf8 41. Nxh7+ Ke8 42. Nf6+ Kf8 1/2-1/2

[Event "Skakligaen 2022-23"]
[Site "Denmark"]
[Date "2023.01.14"]
[Round "5.5"]
[White "Schmidt, Kristen"]
[Black "Abildlund, Jens"]
[Result "1/2-1/2"]
[WhiteElo "2273"]
[BlackElo "2183"]
[PlyCount "76"]
[EventDate "2022.10.29"]
[EventType "team-tourn"]
[EventRounds "9"]
[EventCountry "DEN"]
[SourceTitle "Holdskaksystemet"]
[WhiteTeam "Nordkalotten"]
[BlackTeam "Nordre"]

1. e4 d6 2. d4 e5 3. Nf3 Nc6 4. d5 Nce7 5. c4 Nf6 6. Nc3 Ng6 7. Be2 Be7 8. O-O
O-O 9. Ne1 Nd7 10. Nd3 a5 11. Bg4 b6 12. Be3 Bg5 13. Qd2 Bxe3 14. Qxe3 Nc5 15.
Bxc8 Qxc8 16. Nxc5 bxc5 17. f3 f5 18. exf5 Qxf5 19. g3 Rf7 20. Kg2 Raf8 21. Qe4
Ne7 22. Rae1 Qd7 23. Ne2 Qf5 24. Nc1 Qg5 25. Nd3 Nf5 26. f4 Qg4 27. Rf2 exf4
28. Rxf4 Nh4+ 29. Kh1 Rxf4 30. Nxf4 Nf3 31. Qe6+ Qxe6 32. Rxe6 Kf7 33. Re3 Ne5
34. b3 Ke7 35. Nd3 Rf3 36. Rxf3 Nxf3 37. Kg2 Nd4 38. Kf2 g5 1/2-1/2

[Event "Skakligaen 2022-23"]
[Site "Denmark"]
[Date "2023.01.14"]
[Round "5.6"]
[White "Hoiberg, Nina"]
[Black "Kristensen, Kaare Hove"]
[Result "1/2-1/2"]
[WhiteElo "2144"]
[BlackElo "2267"]
[PlyCount "38"]
[EventDate "2022.10.29"]
[EventType "team-tourn"]
[EventRounds "9"]
[EventCountry "DEN"]
[SourceTitle "Holdskaksystemet"]
[WhiteTeam "Nordre"]
[BlackTeam "Nordkalotten"]

1. e4 c5 2. Nf3 Nc6 3. d4 cxd4 4. Nxd4 g6 5. Nc3 Bg7 6. Be3 Nf6 7. Nxc6 bxc6 8.
e5 Nd5 9. Nxd5 cxd5 10. Bd4 O-O 11. Be2 d6 12. exd6 Qxd6 13. Bxg7 Kxg7 14. O-O
Rb8 15. b3 e5 16. Qd2 Be6 17. f4 f6 18. Kh1 Rbc8 19. c4 d4 1/2-1/2

[Event "Skakligaen 2022-23"]
[Site "Denmark"]
[Date "2023.01.14"]
[Round "5.7"]
[White "Jakobsen, Peter"]
[Black "Holst, Per"]
[Result "1/2-1/2"]
[WhiteElo "2175"]
[BlackElo "2075"]
[PlyCount "46"]
[EventDate "2022.10.29"]
[EventType "team-tourn"]
[EventRounds "9"]
[EventCountry "DEN"]
[SourceTitle "Holdskaksystemet"]
[WhiteTeam "Nordkalotten"]
[BlackTeam "Nordre"]

1. Nf3 e6 2. c4 Nf6 3. d4 Bb4+ 4. Bd2 Qe7 5. g3 Bxd2+ 6. Qxd2 O-O 7. Bg2 d6 8.
O-O e5 9. Nc3 Re8 10. e4 Bg4 11. d5 Bxf3 12. Bxf3 a5 13. Bg2 Nbd7 14. Rae1 Nc5
15. Re2 c6 16. Rc1 Qc7 17. Qe3 a4 18. Rd2 cxd5 19. cxd5 Qa5 20. Qe2 Red8 21. f3
Ne8 22. Bh3 Nc7 23. Kh1 b5 1/2-1/2

[Event "Skakligaen 2022-23"]
[Site "Denmark"]
[Date "2023.01.14"]
[Round "5.8"]
[White "Pedersen, Peer Ole"]
[Black "Nielsen, Lars Aaes"]
[Result "0-1"]
[WhiteElo "2085"]
[BlackElo "2182"]
[PlyCount "76"]
[EventDate "2022.10.29"]
[EventType "team-tourn"]
[EventRounds "9"]
[EventCountry "DEN"]
[SourceTitle "Holdskaksystemet"]
[WhiteTeam "Nordre"]
[BlackTeam "Nordkalotten"]

1. c4 b6 2. Nc3 Bb7 3. d4 e6 4. e3 Bb4 5. Bd2 f5 6. Nge2 Nf6 7. a3 Bxc3 8. Bxc3
d6 9. Nf4 Qe7 10. f3 Nbd7 11. Qc2 g5 12. Nd3 g4 13. Be2 gxf3 14. Bxf3 Ne4 15.
O-O-O O-O-O 16. c5 dxc5 17. dxc5 Nxc3 18. Bxb7+ Kxb7 19. Qxc3 Nxc5 20. Ne5
Rxd1+ 21. Rxd1 Rd8 22. Rxd8 Qxd8 23. b4 Ne4 24. Qc6+ Kb8 25. Qd7 Qxd7 26. Nxd7+
Kc8 27. Ne5 c5 28. Kc2 Kc7 29. bxc5 bxc5 30. Kd3 Kd6 31. Nc4+ Kd5 32. Nb2 Nf2+
33. Ke2 Ng4 34. h3 Ne5 35. Kd2 Nc4+ 36. Nxc4 Kxc4 37. Kc2 e5 38. g3 e4 0-1

[Event "Skakligaen 2022-23"]
[Site "Denmark"]
[Date "2023.01.14"]
[Round "5.1"]
[White "Mikkelsen, Nikolaj"]
[Black "Svane, Rasmus"]
[Result "1/2-1/2"]
[WhiteElo "2475"]
[BlackElo "2615"]
[PlyCount "67"]
[EventDate "2022.10.29"]
[EventType "team-tourn"]
[EventRounds "9"]
[EventCountry "DEN"]
[SourceTitle "Holdskaksystemet"]
[WhiteTeam "BMS"]
[BlackTeam "Skanderborg"]

1. e4 e5 2. Nf3 Nc6 3. Bb5 a6 4. Ba4 Nf6 5. O-O Be7 6. d3 b5 7. Bb3 d6 8. c3
O-O 9. a4 Bd7 10. Bc2 Re8 11. Re1 h6 12. Nbd2 Bf8 13. h3 Rb8 14. Nf1 b4 15. d4
bxc3 16. bxc3 exd4 17. cxd4 Nb4 18. Ng3 d5 19. e5 Nxc2 20. Qxc2 Ne4 21. Nxe4
Bf5 22. Nf6+ Qxf6 23. Qc3 Qb6 24. Ba3 Bb4 25. Bxb4 Qxb4 26. Rec1 Qxc3 27. Rxc3
Rb4 28. Rxc7 Be4 29. Ra3 Re6 30. a5 Rb1+ 31. Kh2 Rb2 32. Kg1 Rb1+ 33. Kh2 Rb2
34. Kg1 1/2-1/2

[Event "Skakligaen 2022-23"]
[Site "Denmark"]
[Date "2023.01.14"]
[Round "5.2"]
[White "Bjerre, Jonas Buhl"]
[Black "Haubro, Martin"]
[Result "1-0"]
[WhiteElo "2612"]
[BlackElo "2398"]
[PlyCount "169"]
[EventDate "2022.10.29"]
[EventType "team-tourn"]
[EventRounds "9"]
[EventCountry "DEN"]
[SourceTitle "Holdskaksystemet"]
[WhiteTeam "Skanderborg"]
[BlackTeam "BMS"]

1. c4 Nf6 2. Nf3 e6 3. g3 d5 4. Bg2 dxc4 5. Qa4+ Nbd7 6. Qxc4 c5 7. Nc3 a6 8.
Qf4 Nh5 9. Qe3 Be7 10. O-O O-O 11. d4 cxd4 12. Qxd4 Qa5 13. Rd1 Nhf6 14. Be3
Bc5 15. Qd2 Bxe3 16. Qxe3 Rb8 17. Nd4 Qe5 18. Qxe5 Nxe5 19. Na4 Bd7 20. Nc5
Rfc8 21. Rac1 Rc7 22. Rc3 a5 23. Rdc1 h6 24. f4 Ng6 25. Nd3 Rxc3 26. Rxc3 Kf8
27. Rc7 Bc8 28. Nc5 Ne8 29. Rxb7 Bxb7 30. Nd7+ Ke7 31. Nxb8 Bxg2 32. Kxg2 Kd6
33. Nbc6 a4 34. Kf3 Kc5 35. e3 Nd6 36. Nb8 Nc4 37. b3 axb3 38. axb3 Nd2+ 39.
Ke2 Ne4 40. Na6+ Kb6 41. Nb4 Nf8 42. Nd3 Nd7 43. b4 Kb7 44. Nb3 Kc6 45. Kf3 Kd5
46. Nd4 f5 47. b5 Nd6 48. Ke2 g6 49. h3 Kc4 50. b6 Nxb6 51. Ne5+ Kd5 52. Nxg6
Ne4 53. g4 fxg4 54. hxg4 Nf6 55. Ne5 Nc8 56. Kf3 Ne7 57. Ne2 Ne4 58. Nd4 Nd2+
59. Ke2 Ne4 60. Nb5 Ng8 61. Nf7 Kc6 62. Nd4+ Kd7 63. Ne5+ Ke7 64. Nc4 Ngf6 65.
Kf3 Kf7 66. Nc6 Nc5 67. Nd6+ Kg6 68. e4 Ncd7 69. e5 Nd5 70. Nd4 Nc5 71. Nxe6
Nxe6 72. f5+ Kg7 73. fxe6 Kf8 74. Nf5 Nc7 75. e7+ Kf7 76. Ke4 Ke6 77. Nxh6 Kxe7
78. Nf5+ Kf7 79. Nd4 Kg6 80. Nf3 Kf7 81. Kf5 Nd5 82. Nd4 Ne3+ 83. Kg5 Nc4 84.
e6+ Ke7 85. Kh6 1-0

[Event "Skakligaen 2022-23"]
[Site "Denmark"]
[Date "2023.01.14"]
[Round "5.3"]
[White "Liu, Casper Yukun"]
[Black "Andersen, Mads"]
[Result "0-1"]
[WhiteElo "2317"]
[BlackElo "2604"]
[PlyCount "62"]
[EventDate "2022.10.29"]
[EventType "team-tourn"]
[EventRounds "9"]
[EventCountry "DEN"]
[SourceTitle "Holdskaksystemet"]
[WhiteTeam "BMS"]
[BlackTeam "Skanderborg"]

1. d4 Nf6 2. Nf3 d5 3. Bf4 c5 4. e3 Nc6 5. Nbd2 cxd4 6. exd4 Qb6 7. Nb3 Bf5 8.
Bd3 Bxd3 9. Qxd3 e6 10. O-O Be7 11. a4 a6 12. a5 Qd8 13. Ne5 Rc8 14. Nxc6 Rxc6
15. Nd2 Bb4 16. Qb3 Bxd2 17. Qxb7 Rxc2 18. Bxd2 Rxd2 19. Qb4 Ne4 20. Rac1 f5
21. Rc6 Kf7 22. Qb7+ Kf6 23. f3 Ng5 24. h4 Nf7 25. Re1 Re8 26. Qb3 Qxa5 27. Qe3
g6 28. h5 Qb4 29. Rxe6+ Rxe6 30. Qxe6+ Kg7 31. h6+ Kxh6 0-1

[Event "Skakligaen 2022-23"]
[Site "Denmark"]
[Date "2023.01.14"]
[Round "5.4"]
[White "Svane, Frederik"]
[Black "Rostgaard, Tobias Valentin"]
[Result "1-0"]
[WhiteElo "2566"]
[BlackElo "2323"]
[PlyCount "67"]
[EventDate "2022.10.29"]
[EventType "team-tourn"]
[EventRounds "9"]
[EventCountry "DEN"]
[SourceTitle "Holdskaksystemet"]
[WhiteTeam "Skanderborg"]
[BlackTeam "BMS"]

1. e4 e5 2. Nf3 Nc6 3. Bc4 Nf6 4. d3 Be7 5. O-O O-O 6. Nc3 d6 7. a3 Bg4 8. h3
Bh5 9. Nd5 Nxd5 10. Bxd5 Bxf3 11. Qxf3 Nd4 12. Qd1 c6 13. Ba2 Bg5 14. c3 Bxc1
15. Rxc1 Ne6 16. d4 Qf6 17. d5 Nf4 18. dxc6 bxc6 19. Qf3 Rad8 20. Rcd1 d5 21.
Kh2 Qe6 22. exd5 cxd5 23. Rfe1 h5 24. h4 Rd6 25. g3 Qh3+ 26. Kg1 Rf6 27. Bxd5
Rb8 28. b4 Rc8 29. c4 Ne6 30. Qxh5 Rf5 31. Bxe6 fxe6 32. Qg6 Rf6 33. Qg5 Rcf8
34. Rd7 1-0

[Event "Skakligaen 2022-23"]
[Site "Denmark"]
[Date "2023.01.14"]
[Round "5.5"]
[White "Kistrup, Nicolai"]
[Black "Olsen, Filip Boe"]
[Result "1-0"]
[WhiteElo "2274"]
[BlackElo "2433"]
[PlyCount "85"]
[EventDate "2022.10.29"]
[EventType "team-tourn"]
[EventRounds "9"]
[EventCountry "DEN"]
[SourceTitle "Holdskaksystemet"]
[WhiteTeam "BMS"]
[BlackTeam "Skanderborg"]

1. e4 c5 2. Nf3 d6 3. d4 cxd4 4. Nxd4 Nf6 5. Nc3 a6 6. Bg5 e6 7. f4 Nbd7 8. Qf3
e5 9. Nf5 h6 10. Bxf6 Nxf6 11. O-O-O Bxf5 12. exf5 Qc7 13. g4 exf4 14. Bg2
O-O-O 15. Nd5 Nxd5 16. Qxd5 Re8 17. Rhe1 Re5 18. Rxe5 dxe5 19. Rd3 Bb4 20. a3
Ba5 21. Rb3 Rd8 22. Rxb7 Rxd5 23. Rxc7+ Kxc7 24. Bxd5 Bb6 25. b4 Kd6 26. c4 a5
27. Kc2 axb4 28. axb4 Bf2 29. Be4 g6 30. c5+ Kc7 31. Kd3 gxf5 32. gxf5 f6 33.
Kc4 Be1 34. b5 Ba5 35. Bf3 h5 36. b6+ Bxb6 37. cxb6+ Kxb6 38. Bxh5 Kc6 39. Bf3+
Kd6 40. Be4 Kc7 41. Kc5 Kd7 42. Kd5 Ke7 43. Kc6 1-0

[Event "Skakligaen 2022-23"]
[Site "Denmark"]
[Date "2023.01.14"]
[Round "5.6"]
[White "Pedersen, Nicolai Vesterbaek"]
[Black "Jacobsen, Mikkel Manosri"]
[Result "1-0"]
[WhiteElo "2367"]
[BlackElo "2267"]
[PlyCount "71"]
[EventDate "2022.10.29"]
[EventType "team-tourn"]
[EventRounds "9"]
[EventCountry "DEN"]
[SourceTitle "Holdskaksystemet"]
[WhiteTeam "Skanderborg"]
[BlackTeam "BMS"]

1. c4 c6 2. d4 d5 3. Nc3 Nf6 4. cxd5 cxd5 5. Bf4 Nc6 6. e3 a6 7. Bd3 g6 8. Nf3
Bf5 9. Bxf5 gxf5 10. Ne5 Rc8 11. O-O e6 12. Qb3 Nxe5 13. Bxe5 Bd6 14. Bxf6 Qxf6
15. Qxb7 Rd8 16. f4 h5 17. Qxa6 h4 18. Nb5 Bb8 19. Rac1 O-O 20. a4 Kh7 21. Nc3
Rg8 22. Qe2 Rg6 23. Rf2 Bd6 24. Qh5+ Kg7 25. Nb5 Bb4 26. Na7 Rg4 27. h3 Rg3 28.
Nc6 Rc8 29. Qe2 Bd6 30. Rc2 Kh6 31. Rf3 Rgg8 32. b4 Ra8 33. a5 Bc7 34. a6 Qg7
35. Ne7 Bb6 36. Rc6 1-0

[Event "Skakligaen 2022-23"]
[Site "Denmark"]
[Date "2023.01.14"]
[Round "5.7"]
[White "Haubro, Sigfred"]
[Black "Brondt, Nicolai Kvist"]
[Result "1/2-1/2"]
[WhiteElo "2215"]
[BlackElo "2248"]
[PlyCount "48"]
[EventDate "2022.10.29"]
[EventType "team-tourn"]
[EventRounds "9"]
[EventCountry "DEN"]
[SourceTitle "Holdskaksystemet"]
[WhiteTeam "BMS"]
[BlackTeam "Skanderborg"]

1. Nf3 Nf6 2. b3 e6 3. Bb2 Be7 4. e3 c5 5. Be2 O-O 6. O-O b6 7. d4 Bb7 8. Nbd2
Nc6 9. a3 Rc8 10. Rc1 d5 11. Bd3 Qc7 12. Qe2 Rfd8 13. h3 Qb8 14. Rfd1 Bf8 15.
dxc5 Bxc5 16. b4 Bd6 17. c4 Ne5 18. Nxe5 Bxe5 19. Bxe5 Qxe5 20. Nf3 Qd6 21.
cxd5 Rxc1 22. Rxc1 Nxd5 23. Ba6 Ba8 24. Qc2 Qe7 1/2-1/2

[Event "Skakligaen 2022-23"]
[Site "Denmark"]
[Date "2023.01.14"]
[Round "5.8"]
[White "Berg, Klaus"]
[Black "Nielsen, Thomas Bach"]
[Result "1-0"]
[WhiteElo "2278"]
[BlackElo "2206"]
[PlyCount "43"]
[EventDate "2022.10.29"]
[EventType "team-tourn"]
[EventRounds "9"]
[EventCountry "DEN"]
[SourceTitle "Holdskaksystemet"]
[WhiteTeam "Skanderborg"]
[BlackTeam "BMS"]

1. d4 f5 2. Nc3 d5 3. Bg5 Nf6 4. e3 e6 5. Nf3 Nbd7 6. Bd3 c6 7. O-O Bd6 8. Ne2
O-O 9. c4 h6 10. Bf4 Bxf4 11. Nxf4 Qe8 12. cxd5 cxd5 13. Bb5 a6 14. Bxd7 Bxd7
15. Ne5 Bb5 16. Re1 Nd7 17. Nfg6 Nxe5 18. Nxe5 f4 19. Rc1 Rc8 20. Rxc8 Qxc8 21.
Ng6 Rf6 22. Ne7+ 1-0

[Event "Skakligaen 2022-23"]
[Site "Denmark"]
[Date "2023.01.14"]
[Round "5.1"]
[White "Matthiesen, Martin"]
[Black "Thybo, Jesper Sondergaard"]
[Result "1/2-1/2"]
[WhiteElo "2328"]
[BlackElo "2498"]
[PlyCount "50"]
[EventDate "2022.10.29"]
[EventType "team-tourn"]
[EventRounds "9"]
[EventCountry "DEN"]
[SourceTitle "Holdskaksystemet"]
[WhiteTeam "SK1968"]
[BlackTeam "Koge"]

1. d4 f5 2. g3 Nf6 3. Bg2 g6 4. Nf3 Bg7 5. O-O O-O 6. c4 d6 7. Nc3 c6 8. d5 e5
9. dxe6 Bxe6 10. b3 Ne4 11. Nxe4 fxe4 12. Nd4 Qd7 13. Nxe6 Qxe6 14. Rb1 d5 15.
cxd5 cxd5 16. Bb2 Bxb2 17. Rxb2 Nc6 18. f3 Rad8 19. fxe4 Rxf1+ 20. Bxf1 dxe4
21. Rd2 Rf8 22. Rd6 Qf5 23. Qd5+ Rf7 24. Qxf5 gxf5 25. Kf2 f4 1/2-1/2